1495 1969 1730 1444 1472 1473 1629 1570 1607 1636 1326 1861 1582 1195 1235 1414 1226 1517 1646 1009 1561 1768 1237 1902 1446 1453 1579 1996 1315 1222 1640 1281 1019 1823 1759 1784 1314 1510 1888 1394 1950 1107 1161 1689 1294 1027 1548 1799 1106 1234 1453 1186 1569 1318 1107 1791 1560 1586 1000 1199 1186 1227 1536 1303 1648 1508 1555 1869 1390 1581 1900 1556 1269 1181 1417 1564 1607 1338 1819 1786 1179 1568 1989 1858 1624 1878 1810 1983 1576 1349 1545 1596 1705 1295 1576 1990 1374 1489 1995 BCNSPRNW ULIB Ver.6.0+V

เปลี่ยนเป็นภาษาไทย

Change to English
 แสดงรายละเอียดบรรณานุกรม
  กลับหน้าหลัก

Brief Record : Get Marc (ISO 2709) : E-mail record : QR code < ปิดหน้าต่าง
LEADER : 00000nam 2200000uu 4500
001    13399113467
003     ULIB
008    111121s2553||||th 000 0 tha d
020    ^a9789749751824
060  4 ^aQZ200^bบ149ต
100 0  ^aบรรจบ ชุณหสวัสดิกุล
245 00 ^aต่อมลูกหมากโตและมะเร็งต่อมลูกหมาก:กับเรื่องชวนห่อเหี่ยวใจของผู้ชายทั้งหลาย/^cบรรจบ ชุณหสวัสดิกุล
250    ^aพิมพ์ครั้งที่ 1
260    ^aกรุงเทพฯ:^bรวมทรรศน์,^c2553
300    ^a280 หน้า
650  7 ^aต่อมลูกหมากโต
650  7 ^aมะเร็งต่อมลูกหมาก
945    ^p290^l0^i17829
995    ^aกัณชพร
999    ^aใช้งานได้ทุกระบบ
รายการนี้ยังไม่มีแท็ก
คุณยังไม่ได้ล็อกอิน คุณสามารถมีกิจกรรมร่วมกับเว็บไซต์ได้ แต่ต้องล็อกอินก่อน ::
  ล็อกอิน

รายการสื่อสารสนเทศ

ลำดับที่ ประเภท เลขเรียก/บาร์โค้ด สถานที่ สถานะ
1. วิทยาศาสตร์การแพทย์ และสุขภาพ
วิทยาศาสตร์การแพทย์ และสุขภาพ
สถานะ=หนังสือเก่า
QZ200 บ149ต  
  Barcode: 17829
ห้องสมุดวิทยาเขตนครสวรรค์
►ส่วนจัดเก็บหนังสือเก่า นว.
บนชั้น
  ขอยืม

รายการใกล้เคียง
    ผู้แต่ง [บรรจบ ชุณหสวัสดิกุล]

    หัวเรื่อง [ต่อมลูกหมากโต]
    หัวเรื่อง [มะเร็งต่อมลูกหมาก]

BibComment


ยังไม่เคยถูกคอมเมนท์

คอมเมนท์ทรัพยากรรายการนี้
  คอมเมนท์: ต่อมลูกหมากโตและ..


 Copyright 2026. Bcnsprnw @Library